Aasian maantiedettä kirjaimittain - K #2 - Statistics

Yleistilastot
  • Tätä visaa on pelattu 448 kertaa
  • Keskiarvotulos 12 / 20
Vastaustilastot
Vihje Vastaus % Oikein
Kreikan- ja turkinkielisiin osiin jaettu saari Kypros
94%
Maailman suurin sisämaavaltio Kazakstan
90%
Värinsä mukaan nimetty Kiinan toiseksi pisin joki Keltainenjoki
86%
Tällä Lähi-idän valtiolla on noin 6 prosenttia maailman öljyvarannoista Kuwait
86%
Afganistanin pääkaupunki Kabul
82%
Maailman toiseksi korkein vuori K2
78%
Muun muassa yllä olevan suojaksi rakennettu tuhansien kilometrien mittainen puolustusrakennelma Kiinan muuri
76%
Nimestään huolimatta usein maailman suurimmaksi järveksi laskettu vesimuodostuma Kaspianmeri
68%
Kiinaa hallinneiden keisarien asuinpaikka Pekingissä Kielletty kaupunki
54%
Gangesjoen suistossa sijaitseva Länsi-Bengalin suurin kaupunki Kalkutta
50%
Intian, Kiinan ja Pakistanin kiistelemä alue Kashmir
50%
Yhteisnimitys Itä- ja Kaakkois-Aasialle Kaukoitä
47%
Kambodžan virallinen kieli Khmer
46%
Hongkongissa puhuttu kiinalainen kieli Kantoninkiina
45%
Vuonna 1883 purkautunut tulivuori, joka tuhosi 2/3 saarestaan Krakatau
45%
Yhdestä wagyu-lihatyypistä tunnettu Japanin suurkaupunki Kobe
42%
Japanin eteläisin pääsaari Kyushu
40%
Jerusalemin Temppelivuorella sijaitseva moskeija {Kallio}moskeija
39%
Yksi Venäjän suurimmista aluepiireistä ja Siperian suurimmista kaupungeista Krasnojarsk
21%
Jangtsejokeen rakennettu maailman suurin pato {Kolmen} {rotkon} pato
15%
Ehtoja vastaavia visoja ei löytynyt
Tulosjakauma
Jokaisen tuloksen saaneiden osuus
Persentiili vastausten määrän mukaan
Tuloshistoriasi
Et ole pelannut tätä visaa